Westernmost countries on mainland Europe. - Statistics

General Stats
  • This quiz has been taken 48 times
    12 since last reset
  • The average score is 10 of 10
Answer Stats
Rank Answer % Correct
5 Andorra
100%
6 Belgium
100%
9 Luxembourg
100%
7 Netherlands
100%
1 Portugal
100%
2 Spain
100%
3 United Kingdom [ Girbraltar]
100%
4 France
92%
10 Norway
92%
8 Switzerland
83%
No matching quizzes found
Score Distribution
Percent of People with Each Score
Percentile by Number Answered
Your Score History
You have not taken this quiz since the last reset